Enformasyon çağı: ekonomi, toplum ve kültür (Record no. 9562)

MARC details
000 -BAŞLIK
Sabit Uzunlukta Kontrol Alanı 01079na a2200325 4500
001 - KONTROL NUMARASI
Denetim Alanı 20500
003 - KONTROL NUMARASI IDENTIFIER
Denetim Alanı MIRAKIL
005 - SON İŞLEM TARİHİ VE ZAMANI
Denetim Alanı 20181213155251.0
008 - SABİT-BOY VERİ ELEMANLARI - GENEL BİLGİLER
Sabit Uzunlukta Kontrol Alanı 170123b tu 000 0
020 ## - ULUSLARARASI STANDART KİTAP NUMARASI
Uluslararası Standart Kitap Numarası 9786053990123
035 ## - SİSTEM KONTROL NUMARASI
Sistem Kontrol Numarası 20500
040 ## - KATALOGLAMA KAYNAK
Orijinal Kataloglama Ajansı Milas
Kataloglama Dili tur
Metne Dönüştürmek Ajansı TR-AnCHP
041 ## - DİL KODU
Metin / Ses Parça Veya Ayrı Başlığın Dil Kodu tur
082 ## - DEWEY ONLU SINIFLANDIRMA NUMARASI
Sınıflandırma Numarası 303.483
Ürün Numarası C27e 2007
090 ## - SINIFLAMA NUMARASI
Sınıflama Numarası 303.483 C27e 2007
100 ## - ANA GİRİŞ - KİŞİSEL İSİM
Kişisel Ad Castells, Manuel
245 ## - BAŞLIK TABLOSU
Başlık Enformasyon çağı: ekonomi, toplum ve kültür
Başlığın Kalan binyılın sonu
Sorumluluk Tablosu, Vb Manuel Castells ; çeviri Ebru Kılıç; yayına hazırlayan Aslı Telli
260 ## - YAYIN, DAĞITIM, VB
Yayın, Dağıtım, Vb Yeri İstanbul
Yayıncı, Dağıtıcı, Vs Adı İstanbul Bilgi Üniversitesi Yayınları
Yayın, Dağıtım, Vb Tarihi 2007
300 ## - FİZİKSEL TANIM
Kapsam vii, 571 s.
Diğer Fiziksel Ayrıntıları res.
Boyutlar 23 sm.
440 ## - SERİSİ TABLOSU / KATMA GİRİŞİ - BAŞLIK
Başlık İstanbul Bilgi Üniversitesi yayınları
Hacim / Ardışık Tanımı 190
490 ## - SERİSİ TABLOSU
Seri Beyanı Bilgi ve Toplum
Hacim / Ardışık Tanımı 4
500 ## - GENEL NOT
Genel Not Kütüphanemizde 3. cilt bulunmaktadır.
504 ## - KAYNAKÇA VB NOT
Kaynakça Vb Notu Kaynakça ve dizin var.
650 ## - KONU KATMA GİRİŞ - TOPİKAL DÖNEM
Topikal Süreli Veya Coğrafi Ad Giriş Elemanı Toplumsal değişim
Genel Alt Bölümü Kültür
650 ## - KONU KATMA GİRİŞ - TOPİKAL DÖNEM
Topikal Süreli Veya Coğrafi Ad Giriş Elemanı Toplumsal değişim
Genel Alt Bölümü Ekonomi
650 ## - KONU KATMA GİRİŞ - TOPİKAL DÖNEM
Topikal Süreli Veya Coğrafi Ad Giriş Elemanı Toplumsal değişim
Genel Alt Bölümü Bilgi toplumu
700 ## - KATMA GİRİŞ - KİŞİSEL İSİM
Kişisel Ad Telli, Aslı
700 ## - KATMA GİRİŞ - KİŞİSEL İSİM
Kişisel Ad Kılıç, Ebru
942 ## - EKLENDİ GİRİŞ ELEMANLARI (KOHA)
Sınıflandırma Veya Raf Düzeni Kaynak Dewey Decimal Classification
Koha Öğesi Türü Books
999 ## - SİSTEM KONTROL NUMARALARI (KOHA)
Koha Biblionumber 9562
Koha Biblioitemnumber 9562
Holdings
Kalıcı Konum Mevcut Konum Edinme Tarihi Edinim Kaynak Toplam Check-Out'Lar Tam Çağrı Numarası Barkod Tarih Son Görülme İtibaren Geçerli Fiyatlar Koha Öğesi Türü
CHP Kütüphanesi CHP Kütüphanesi 01/23/2017 Bağış   303.483 C27e 2007 012584 01/23/2017 01/23/2017 Books